000 00868 a2200205 4500
020 _a0387252800
020 _a0387252800
040 _aDLC
_bDLC
082 0 0 _a621.3822
100 1 _aQureshi, Shehrzad,
245 1 0 _aEmbedded image processing on the TMS320C6000 DSP: examples in code composer studio and MATLAB
_cShehrzad Qureshi
260 _aNew York :
_bSpringer Science+Business Media,
_cc2005.
300 _axvi, 433 p. :
_bill. ;
_c24 cm +
_e1 CD-ROM (4 3/4 in.).
650 0 _aSignal processing
_xDigital techniques.
650 0 _aEmbedded computer systems.
650 0 _aTexas Instruments TMS320 series microprocessors.
856 4 2 _3Publisher description
_uhttp://www.loc.gov/catdir/enhancements/fy0663/2005045148-d.html
856 4 2 _3Table of contents only
_uhttp://www.loc.gov/catdir/enhancements/fy0819/2005045148-t.html
942 _cBK
_k621.3822 QUR
_2ddc
999 _c8246
_d8246